Statistiken für Alle Pokémon von "Lilia"

Klicken Sie hier um das Quiz zu spielen!

Allgemein

  • Dieses Quiz wurde 6 mal gespielt
  • Das Durchschnittsergebnis liegt bei 8 aus 19

Antwortstatistiken

Attacken
(falls bekannt)
Pokémon% Korrekt
Flammenwurf / Eisstrahl
Donnerschlag / Drachenstoß
Dragoran
100%
Drachenpuls / Psychoklinge
Gigastoß
Maxax
75%
Kratzer / WutanfallMilza
75%
Laubklinge / BlättersturmSerpifeu
75%
Drachenrute / BreitseiteSharfax
75%
Hornbohrer / Schlagbohrer
Metallklaue / Fokusstoß
Stalobor
75%
Anziehung / Ladungsstoß
Voltwechsel / Kraftreserve
Emolga
50%
Kratzfurie / Schaufler
Lehmschelle
Rotomurf
50%
Bisofank
25%
EissturmGelatwino
25%
Grillmak
25%
Kapuno
25%
SchauflerKaumalat
25%
Picochilla
25%
Sodamak
25%
Dusselgurr
0%
Ganovil
0%
Nagelotz
0%
Sesokitz
0%

Verteilung der Resultate

Perzentil nach korrekt beantworteten Fragen

Anzahl Personen mit jedem Resultat

Ihre Resultats-Entwicklung

Sie haben dieses Quiz noch nicht gespielt